Teoría literaria y breve historia del español : (Record no. 53855)
[ view plain ]
| 000 -CABECERA | |
|---|---|
| campo de control de longitud fija | 00775nam a2200265 i 4500 |
| 001 - NÚMERO DE CONTROL | |
| campo de control | 000018677 |
| 003 - IDENTIFICADOR DEL NÚMERO DE CONTROL | |
| campo de control | DO-SdBNP |
| 005 - FECHA Y HORA DE LA ÚLTIMA TRANSACCIÓN | |
| campo de control | 20251121082958.0 |
| 007 - CAMPO FIJO DE DESCRIPCIÓN FÍSICA--INFORMACIÓN GENERAL | |
| campo de control de longitud fija | ta |
| 008 - DATOS DE LONGITUD FIJA--INFORMACIÓN GENERAL | |
| campo de control de longitud fija | 100513s19? sp m r 000 0 spa d |
| 040 ## - FUENTE DE LA CATALOGACIÓN | |
| Centro catalogador/agencia de origen | DO-SdBNP |
| Lengua de catalogación | spa |
| Centro/agencia transcriptor | BNPHU |
| Normas de descripción | rda |
| 041 ## - CÓDIGO DE LENGUA | |
| Código de lengua del texto/banda sonora o título independiente | spa |
| 082 ## - NÚMERO DE LA CLASIFICACIÓN DECIMAL DEWEY | |
| Número de clasificación | xxx |
| Número de documento/Ítem | L128t |
| Número de edición | 22 |
| 100 1# - ENTRADA PRINCIPAL--NOMBRE DE PERSONA | |
| Nombre de persona | Lacalle, Ángel |
| Término indicativo de función/relación | autor |
| 9 (RLIN) | 40334 |
| 245 10 - MENCIÓN DE TÍTULO | |
| Título | Teoría literaria y breve historia del español : |
| Resto del título | 5to. curso |
| Mención de responsabilidad, etc. | Ángel Lacalle. |
| 250 ## - MENCIÓN DE EDICIÓN | |
| Mención de edición | Edición dominicana |
| 264 ## - PRODUCCIÓN, PUBLICACIÓN, DISTRIBUCIÓN, FABRICACIÓN Y COPYRIGHT | |
| Producción, publicación, distribución, fabricación y copyright | Santo Domingo : |
| Nombre del de productor, editor, distribuidor, fabricante | Ediciones Saber, |
| Fecha de producción, publicación, distribución, fabricación o copyright | [sin fecha] |
| 300 ## - DESCRIPCIÓN FÍSICA | |
| Extensión | 288 paginas. ; |
| Dimensiones | 22 cm. |
| 336 ## - TIPO DE CONTENIDO | |
| Fuente | rdacontent |
| Término de tipo de contenido | texto |
| Código de tipo de contenido | txt |
| 337 ## - TIPO DE MEDIO | |
| Fuente | rdamedia |
| Nombre/término del tipo de medio | sin mediación |
| Código del tipo de medio | n |
| 338 ## - TIPO DE SOPORTE | |
| Fuente | rdacarrier |
| Nombre/término del tipo de soporte | volumen |
| Código del tipo de soporte | nc |
| 590 ## - NOTA LOCAL (RLIN) | |
| Nota local | Inventariado, 2023 / DG |
| 910 ## - DATOS DE OPCIÓN DEL USUARIO (OCLC) | |
| Datos de opción del usuario | DG |
| 942 ## - ELEMENTOS DE PUNTO DE ACCESO ADICIONAL (KOHA) | |
| Fuente del sistema de clasificación o colocación | Dewey Decimal Classification |
| Tipo de ítem Koha | Libro |
| Estado de retiro | Estado de pérdida | Fuente del sistema de clasificación o colocación | Restricciones de uso | No para préstamo | Código de colección | Localización permanente | Ubicación/localización actual | Ubicación en estantería | Fecha de adquisición | Total de préstamos | Signatura topográfica completa | Código de barras | Fecha visto por última vez | Precio válido a partir de | Tipo de ítem Koha | Fuente de adquisición | Número de copia | Nota pública |
|---|---|---|---|---|---|---|---|---|---|---|---|---|---|---|---|---|---|---|
| Dewey Decimal Classification | Excluido de préstamo | Patrimonio Dominicano | Biblioteca Nacional Pedro Henríquez Ureña | Biblioteca Nacional Pedro Henríquez Ureña | En catalogación | 19.06.2023 | BNPHU PD xxx L128t | 2023-2562 | 19.06.2023 | 19.06.2023 | Libro | |||||||
| Dewey Decimal Classification | Excluido de préstamo | Patrimonio Dominicano | Biblioteca Nacional Pedro Henríquez Ureña | Biblioteca Nacional Pedro Henríquez Ureña | En catalogación | 21.11.2025 | BNPHU PD L128t | 2025-13335 | 21.11.2025 | 21.11.2025 | Libro | donación | e.2 | Nuestra Señora de Lourdes |
